[Event "Copenhagen Challenge"]
[Site "Ballerup"]
[Date "2012.05.03"]
[Round "3"]
[White "Kallenbach, Uffe"]
[Black "Jakobcic, Oliver"]
[Result "1-0"]
[WhiteElo "1643"]
[BlackElo "1881"]
[PlyCount "99"]
[EventDate "2012.05.02"]
[EventType "swiss"]
[EventRounds "9"]
[EventCountry "DEN"]
[SourceTitle "CBM 148 Extra"]
[Source "ChessBase"]
[SourceDate "2012.06.22"]
[SourceVersion "1"]
[SourceVersionDate "2012.06.22"]
[SourceQuality "1"]

1. d4 Nf6 2. Nf3 g6 3. Bf4 Bg7 4. c3 0-0 5. Nbd2 d6 6. e4 c5 7. Bd3 cxd4 8. cxd4 Nc6 9. 0-0 Nd7 10. Nb3 a5 11. d5 Nce5 12. Rb1 a4 13. Nbd4 Nxd3 14. Qxd3 Nc5 15. Qe3 Qa5 16. a3 Bd7 17. Rfe1 f6 18. Bh6 b5 19. Bxg7 Kxg7 20. Nc2 Rfc8 21. Nb4 Nb3 22. Nd2 Nxd2 23. Qxd2 Rc4 24. Rbc1 Rac8 25. Rxc4 Rxc4 26. f3 Qb6+ 27. Qf2 Qc7 28. Qe3 g5 29. g3 Qc5 30. Qf2 Bh3 31. Nd3 Qc8 32. Nb4 Rc1 33. Nc6 Rxe1+ 34. Qxe1 Qb7 35. g4 Qb6+ 36. Qf2 Qxf2+ 37. Kxf2 h5 38. Kg3 hxg4 39. Nxe7 Bf1 40. Nf5+ Kf8 41. Kxg4 Ke8 42. Nxd6+ Kd7 43. Nf5 Bd3 44. h4 gxh4 45. Kxh4 Bc4 46. Kg4 Be2 47. Nd4 Bc4 48. Kf5 Ke7 49. Kg6 Kd6 50. Kxf6 1-0